El imaginario femenino en el arte (Record no. 2066)

MARC details
000 -CABECERA
campo de control de longitud fija 00764nam a2200205 a 4500
001 - NÚMERO DE CONTROL
campo de control BRCA_2321
005 - FECHA Y HORA DE LA ÚLTIMA TRANSACCIÓN
campo de control 20190320203747.0
008 - DATOS DE LONGITUD FIJA--INFORMACIÓN GENERAL
campo de control de longitud fija 090908s2007----mx-a---###---#000-0#spa-#
020 ## - NÚMERO INTERNACIONAL ESTÁNDAR DEL LIBRO
Número Internacional Estándar del Libro 9789708021173
050 #4 - SIGNATURA TOPOGRÁFICA DE LA BIBLIOTECA DEL CONGRESO
Número de clasificación N7630
Número de documento/Ítem .Z36 2007
100 1# - ENTRADA PRINCIPAL--NOMBRE DE PERSONA
Nombre de persona Zamora Betancourt, Lorena
9 (RLIN) 6979
245 10 - MENCIÓN DE TÍTULO
Título El imaginario femenino en el arte
Resto del título Mónica Mayer, Rowena Morales y Carla Rippey
Mención de responsabilidad, etc. Lorena Zamora Betancourt.
260 ## - PUBLICACIÓN, DISTRIBUCIÓN, ETC.
Lugar de publicación, distribución, etc. México
Nombre del editor, distribuidor, etc. CONACULTA : INBA : Centro Nacional de Investigación, Documentación e Información de Artes Plásticas
Fecha de publicación, distribución, etc. 2007
300 ## - DESCRIPCIÓN FÍSICA
Extensión 143 p.
Otras características físicas il. (algunas a color)
Dimensiones 25 cm.
500 ## - NOTA GENERAL
Nota general Incluye lista de obra
504 ## - NOTA DE BIBLIOGRAFÍA, ETC.
Nota de bibliografía, etc. Bibliografía : p. 136-141
650 14 - PUNTO DE ACCESO ADICIONAL DE MATERIA--TÉRMINO DE MATERIA
Término de materia o nombre geográfico como elemento de entrada Mujeres en el arte
9 (RLIN) 1575
650 14 - PUNTO DE ACCESO ADICIONAL DE MATERIA--TÉRMINO DE MATERIA
Término de materia o nombre geográfico como elemento de entrada Mujeres artistas
9 (RLIN) 6980
942 ## - ELEMENTOS DE PUNTO DE ACCESO ADICIONAL (KOHA)
Fuente del sistema de clasificación o colocación Library of Congress Classification
Tipo de ítem Koha Libros
Holdings
Estado de retiro Estado de pérdida Estado dañado No para préstamo Localización permanente Ubicación/localización actual Fecha de adquisición Total de préstamos Signatura topográfica completa Código de barras Fecha visto por última vez Precio válido a partir de Tipo de ítem Koha
El ejemplar forma parte de la colección y puede ser consultado según las políticas vigentes.       Biblioteca del Museo Franz Mayer (Rogerio Casas-Alatriste) Biblioteca del Museo Franz Mayer (Rogerio Casas-Alatriste) 09/09/2008   N7630 .Z36 2007 02185 22/03/2019 22/03/2019 Libros